000 00365pab a2200157 454500
008 180718b2011 xxu||||| |||| 00| 0 eng d
100 _aGhosh, Jayati
245 _aDealing with `the poor' (a review essay)
260 _c2011
300 _ap.849-858.
362 _aMay
650 _aPoverty
773 _aDevelopment and Change
908 _aN
909 _a92977
999 _c92977
_d92977